Preaching with cultural intelligence : (Record no. 43567)
[ view plain ]
| 000 -LEADER | |
|---|---|
| fixed length control field | 01189cam a2200241 i 4500 |
| 001 - CONTROL NUMBER | |
| control field | 19599691 |
| 005 - DATE AND TIME OF LATEST TRANSACTION | |
| control field | 20180924112650.0 |
| 008 - FIXED-LENGTH DATA ELEMENTS--GENERAL INFORMATION | |
| fixed length control field | 170417s2017 miu b 001 0 eng |
| 010 ## - LIBRARY OF CONGRESS CONTROL NUMBER | |
| LC control number | 2017013257 |
| 020 ## - INTERNATIONAL STANDARD BOOK NUMBER | |
| International Standard Book Number | 9780801049620 |
| 100 1# - MAIN ENTRY--PERSONAL NAME | |
| Personal name | Kim, Matthew D., |
| Dates associated with a name | 1977- |
| Relator term | author. |
| 245 10 - TITLE STATEMENT | |
| Title | Preaching with cultural intelligence : |
| Remainder of title | understanding the people who hear our sermons / |
| Statement of responsibility, etc | Matthew D. Kim. |
| 260 ## - PUBLICATION, DISTRIBUTION, ETC. (IMPRINT) | |
| Place of publication, distribution, etc | Grand Rapids : |
| Name of publisher, distributor, etc | Baker Academic, a division of Baker Publishing Group, |
| Date of publication, distribution, etc | c2017. |
| 300 ## - PHYSICAL DESCRIPTION | |
| Extent | xvi, 269 p. ; |
| Dimensions | 23 cm |
| 336 ## - CONTENT TYPE | |
| Content Type Term | text |
| 337 ## - MEDIA TYPE | |
| Media Type Term | unmediated |
| 338 ## - CARRIER TYPE | |
| Carrier Type Term | volume |
| 504 ## - BIBLIOGRAPHY, ETC. NOTE | |
| Bibliography, etc | Includes bibliographical references and index. |
| 505 0# - FORMATTED CONTENTS NOTE | |
| Formatted contents note | Cultural intelligence in theory -- Preaching and cultural intelligence -- The homiletical template -- Hermeneutics and cultural intelligence -- Exegeting the preacher -- Cultural intelligence in practice -- Preaching and denominations -- Preaching and ethnicities -- Preaching and genders -- Preaching and locations -- Preaching and religions -- The homiletical template -- Worksheet for understanding culture -- Sample sermon. |
| 650 #0 - SUBJECT ADDED ENTRY--TOPICAL TERM | |
| Topical term or geographic name as entry element | Preaching. |
| 650 #0 - SUBJECT ADDED ENTRY--TOPICAL TERM | |
| Topical term or geographic name as entry element | Christianity and culture. |
| 942 ## - ADDED ENTRY ELEMENTS (KOHA) | |
| Source of classification or shelving scheme | Library of Congress Classification |
| Item type | Books |
| Withdrawn status | Lost status | Source of classification or shelving scheme | Damaged status | Not for loan | Home library | Current library | Shelving location | Date acquired | Source of acquisition | Inventory number | Total Checkouts | Full call number | Barcode | Date last seen | Price effective from | Koha item type |
|---|---|---|---|---|---|---|---|---|---|---|---|---|---|---|---|---|
| Library of Congress Classification | BSOP Library | BSOP Library | GC | 09/24/2018 | Langham | 42098 | BV42211.3 K56 2017 | 00053098 | 09/24/2018 | 09/24/2018 | Books |
